Fire safety in construction (Record no. 111342)

MARC details
000 -LEADER
fixed length control field 01197cad a22002415a 4500
001 - CONTROL NUMBER
control field E151402
008 - FIXED-LENGTH DATA ELEMENTS--GENERAL INFORMATION
fixed length control field 101101s2010 xxk f 000 0 eng d
020 ## - INTERNATIONAL STANDARD BOOK NUMBER
International Standard Book Number 9780717663453
035 ## - SYSTEM CONTROL NUMBER
System control number (Sirsi) u151402
041 0# - LANGUAGE CODE
Language code of text/sound track or separate title eng
110 2# - MAIN ENTRY--CORPORATE NAME
Corporate name or jurisdiction name as entry element Great Britain
Subordinate unit Health and Safety Executive
245 00 - TITLE STATEMENT
Title Fire safety in construction
Remainder of title guidance for clients, designers and those managing and carrying out construction work involving significant fire risks
Medium [electronic resource]
250 ## - EDITION STATEMENT
Edition statement 2nd ed.
260 ## - PUBLICATION, DISTRIBUTION, ETC.
Place of publication, distribution, etc. Sudbury
Name of publisher, distributor, etc. HSE Books
Date of publication, distribution, etc. 2010
490 #0 - SERIES STATEMENT
Series statement HSE Health and Safety Guidance
Volume/sequential designation 168
520 ## - SUMMARY, ETC.
Summary, etc. Offers guidance on preventing fires from happening and discusses how to ensure people's safety if a fire does occur. The guidance is relevant to both small and large construction projects and will be useful for all those involved in developing, managing and applying safety standards on site.
520 ## - SUMMARY, ETC.
Summary, etc. Supersedes first edition (ISBN 0717613321).
590 ## - LOCAL NOTE (RLIN)
Local note KA NTK
651 #4 - SUBJECT ADDED ENTRY--GEOGRAPHIC NAME
Geographic name United Kingdom
Chronological subdivision
690 ## - LOCAL SUBJECT ADDED ENTRY--TOPICAL TERM (OCLC, RLIN)
Topical term or geographic name as entry element MANAGEMENT-HEALTH AND SAFETY-FIRE SAFETY
856 40 - ELECTRONIC LOCATION AND ACCESS
Uniform Resource Identifier <a href="https://www.hse.gov.uk/pubns/priced/hsg168.pdf">https://www.hse.gov.uk/pubns/priced/hsg168.pdf</a>
Public note View the item free of charge (PDF file) at www.hse.gov.uk
942 ## - ADDED ENTRY ELEMENTS (KOHA)
Suppress in OPAC 0
Holdings
Withdrawn status Lost status Source of classification or shelving scheme Damaged status Not for loan Home library Current library Shelving location Date acquired Total Checkouts Full call number Barcode Date last seen Copy number Price effective from Koha item type
    Dewey Decimal Classification     Virtual Virtual Online 01/11/2010   ONLINE PUBLICATION 151402-2001 06/08/2019 1 06/08/2019 Book